Comparison of soil permeability before and after installation of subsurface drainage sysem. (Record no. 551067)

000 -LEADER
fixed length control field 00478nam a22001457a 4500
082 ## - DEWEY DECIMAL CLASSIFICATION NUMBER
Classification number P-229
100 ## - MAIN ENTRY--PERSONAL NAME
Personal name Muhammad Adeel Khan.
9 (RLIN) 47954
245 ## - TITLE STATEMENT
Title Comparison of soil permeability before and after installation of subsurface drainage sysem.
Statement of responsibility, etc. Bilal Shah, Zeeshan, Amjad Shinwari, Yasir Saleem Alvi.
260 ## - PUBLICATION, DISTRIBUTION, ETC.
Place of publication, distribution, etc. Risalpur:
Name of publisher, distributor, etc. MCE.
Date of publication, distribution, etc. 13-05-2002
526 ## - STUDY PROGRAM INFORMATION NOTE
Program name 0
Interest level 0
Reading level 0
Title point value P_229
526 ## - STUDY PROGRAM INFORMATION NOTE
Program name 0
Interest level 0
Reading level 0
Title point value P_229
650 ## - SUBJECT ADDED ENTRY--TOPICAL TERM
Topical term or geographic name entry element Project.
700 ## - ADDED ENTRY--PERSONAL NAME
Personal name Dr. Farhat.
9 (RLIN) 48014
942 ## - ADDED ENTRY ELEMENTS (KOHA)
Source of classification or shelving scheme
Koha item type Book
Holdings
Withdrawn status Lost status Source of classification or shelving scheme Damaged status Not for loan Permanent Location Current Location Date acquired Total Checkouts Full call number Barcode Date last seen Price effective from Koha item type Public note Date last checked out
          Military College of Engineering (MCE) Military College of Engineering (MCE) 12/02/2014   P-229 MCE-P-229. 12/02/2014 12/02/2014 Book Project  
          Military College of Engineering (MCE) Military College of Engineering (MCE) 10/24/2017 1 P-229 MCE-P690 10/24/2017 10/24/2017 Book   10/24/2017
© 2023 Central Library, National University of Sciences and Technology. All Rights Reserved.